Home Print Resources E-Books E-Journals IIMT Lecture Series Library Membership Form Book Recommendation Form Campus Tour Take AdmissionAbout Us Contact Us

An Introduction to Pharmaceutical Sciences (Record no. 67752)

000 -LEADER
fixed length control field 00405nam a22001697a 4500
003 - CONTROL NUMBER IDENTIFIER
control field OSt
005 - DATE AND TIME OF LATEST TRANSACTION
control field 20260330102757.0
008 - FIXED-LENGTH DATA ELEMENTS--GENERAL INFORMATION
fixed length control field 260330b |||||||| |||| 00| 0 eng d
020 ## - INTERNATIONAL STANDARD BOOK NUMBER
International Standard Book Number 9781907568527
040 ## - CATALOGING SOURCE
Transcribing agency IIMT UNIVERSITY MEERUT
100 ## - MAIN ENTRY--PERSONAL NAME
Personal name Jiben Roy
245 ## - TITLE STATEMENT
Title An Introduction to Pharmaceutical Sciences
250 ## - EDITION STATEMENT
Edition statement 2011
260 ## - PUBLICATION, DISTRIBUTION, ETC.
Place of publication, distribution, etc. NEW DELHI
Name of publisher, distributor, etc. CBS
300 ## - PHYSICAL DESCRIPTION
Extent 404
942 ## - ADDED ENTRY ELEMENTS (KOHA)
Source of classification or shelving scheme
Koha item type Text-Book- for 7 days

No items available.

IIMT, Central Library. All Rights Reserved IIMT,UNIVERSITY © 2023
Implemented and Customised by I CLOUDE EMS
You Are OPAC Visitor No
free web counter

Powered by Koha